Подробности
| 000 -МАРКЕР |
| контрольное поле |
01499nam0a2200337 4500 |
| 001 - ИДЕНТИФИКАТОР ЗАПИСИ |
| контрольное поле |
RU\NLR\BIBL_A\011336594 |
| 005 - ИДЕНТИФИКАТОР ВЕРСИИ |
| контрольное поле |
20260607070848.0 |
| 010 ## - МЕЖДУНАРОДНЫЙ СТАНДАРТНЫЙ НОМЕР КНИГИ (ISBN) |
| Номер (ISBN) |
978-5-9710-4255-6 |
| 021 ## - НОМЕР ГОСУДАРСТВЕННОЙ РЕГИСТРАЦИИ |
| Код страны |
Российская Федерация |
| Номер |
2017-6315 |
| Номер Листа государственной регистраци |
448 |
| 035 ## - ДРУГИЕ СИСТЕМНЫЕ НОМЕРА |
| Идентификатор записи |
(NLR Aleph) 011336594 |
| 100 ## - ДАННЫЕ ОБЩЕЙ ОБРАБОТКИ |
| Данные общей обработки |
20170301e20171894|||y0rusy50 ca |
| 101 0# - ЯЗЫК РЕСУРСА |
| Язык текста, звукозаписи и т.д. |
русский |
| 102 ## - СТРАНА ПУБЛИКАЦИИ ИЛИ ПРОИЗВОДСТВА |
| Страна публикации |
Российская Федерация |
| 105 ## - ПОЛЕ КОДИРОВАННЫХ ДАННЫХ: ТЕКСТОВЫЕ МАТЕРИАЛЫ, МОНОГРАФИЧЕСКИЕ |
| Кодированные данные о монографическом текстовом документе |
a z 000zb |
| 200 1# - ЗАГЛАВИЕ И СВЕДЕНИЯ ОБ ОТВЕТСТВЕННОСТИ |
| Основное заглавие |
Иван Дмитриевич Сирко |
| Сведения, относящиеся к заглавию |
славный кошевой атаман войска запорожских низовых казаков |
| Первые сведения об ответственности |
Д.И. Эварницкий |
| 205 ## - СВЕДЕНИЯ ОБ ИЗДАНИИ |
| Сведения об издании |
2-е изд. [стер.] |
| Дополнительные сведения об издании |
репр. по изд.: СПб, 1894 |
| 210 ## - ПУБЛИКАЦИЯ, РАСПРОСТРАНЕНИЕ И ДР. |
| Место издания, распространения и т.д. |
Москва |
| Имя издателя, распространителя и т. д. |
URSS |
| -- |
ЛЕНАНД |
| Дата издания, распространения и т.д. |
2017 |
| 215 ## - ФИЗИЧЕСКАЯ ХАРАКТЕРИСТИКА |
| Специфическое обозначение материала и объем |
162 c. |
| Другие сведения о физической характеристике |
ил. |
| Размеры |
22 |
| 225 1# - СЕРИЯ |
| Основное заглавие серии |
Биографии выдающихся личностей |
| Обозначение тома |
№ 65 |
| 320 ## - ПРИМЕЧАНИЯ О НАЛИЧИИ В ДОКУМЕНТЕ БИБЛИОГРАФИИ / УКАЗАТЕЛЯ |
| Текст примечания |
Библиогр. в подстроч. примеч. |
| 455 #0 - ОРИГИНАЛ, С КОТОРОГО СДЕЛАНА КОПИЯ |
| Встроенное поле |
2001# |
| -- |
210##$aСанкт-Петербург$d1894 |
| -- |
700#1 |
| -- |
701#1 |
| Автор |
|
| 600 #1 - ИМЯ ЛИЦА КАК ПРЕДМЕТ |
| Начальный элемент ввода |
Сирко |
| Часть имени, кроме начального элемента ввода |
И.Д. |
| Даты |
? - 1680 |
| Расширение инициалов личного имени |
Иван Дмитриевич |
| Системный номер авторитетной/нормативной записи |
2469016 |
| Идентификатор авторитетной/нормативной записи |
RU\NLR\AUTH\661466559 |
| 686 1# - ИНДЕКСЫ ДРУГИХ КЛАССИФИКАЦИЙ |
| Индекс |
Ц59,8(2Ук)2-243дСирко |
| 686 1# - ИНДЕКСЫ ДРУГИХ КЛАССИФИКАЦИЙ |
| Индекс |
Т3(2Ук)461-8 |
| 700 #1 - ИМЯ ЛИЦА - ПЕРВИЧНАЯ ОТВЕТСТВЕННОСТЬ |
| Материалы, к которым относится поле |
rus |
| Графика поля |
Кириллица |
| Начальный элемент ввода |
Эварницкий |
| Часть имени, кроме начального элемента ввода |
Д. И. |
| Даты |
1855-1940 |
| Расширение инициалов личного имени |
Дмитрий Иванович |
| Идентификатор авторитетной/нормативной записи |
RU\NLR\AUTH\7716005 |
| Системный номер авторитетной/нормативной записи |
125650 |
| 702 #1 - ИМЯ ЛИЦА - ВТОРИЧНАЯ ОТВЕТСТВЕННОСТЬ |
| Код отношения |
Прочие |
| Графика поля |
Кириллица |
| Материалы, к которым относится поле |
rus |
| Начальный элемент ввода |
Сирко |
| Часть имени, кроме начального элемента ввода |
И. Д. |
| Даты |
-1680 |
| Расширение инициалов личного имени |
Иван Дмитриевич |
| Системный номер авторитетной/нормативной записи |
34103 |
| Идентификатор авторитетной/нормативной записи |
RU\NLR\AUTH\7751169 |
| 942 ## - ДОПОЛНИТЕЛЬНЫЕ ЭЛЕМЕНТЫ ЗАПИСИ (АБИС) |
| Тип экземпляра АБИС |
Книга |
| 980 ## - КОЛЛЕКЦИЯ |
| Название коллекции |
Национальная библиография |